header

Religion and the self in antiquity (Record no. 94501)

MARC details
000 -LEADER
fixed length control field 02425nam a22003614a 4500
082 04 - DEWEY DECIMAL CLASSIFICATION NUMBER
Classification number 202/.2
245 00 - TITLE STATEMENT
Title Religion and the self in antiquity
260 ## - PUBLICATION, DISTRIBUTION, ETC. (IMPRINT)
Place of publication Bloomington, IN :
Name of publisher Indiana University Press,
Year of publication c2005.
300 ## - PHYSICAL DESCRIPTION
Number of Pages vi, 268 p.
650 #0 - SUBJECT ADDED ENTRY--TOPICAL TERM
Topical Term Self
Topical Term Self
700 1# - ADDED ENTRY--PERSONAL NAME
Personal name Brakke, David.
Personal name Satlow, Michael L.
Personal name Weitzman, Steven,
856 40 - ELECTRONIC LOCATION AND ACCESS
Uniform Resource Identifier http://site.ebrary.com/lib/rucke/Doc?id=10149913

No items available.

© 2026 Rongo University
Contact us: librarian | system librarian | Rongo university